000 00424nam a22001817a 4500
003 koha_MIRAKIL
005 20231213065252.0
008 231213b |||||||| |||| 00| 0 ||| d
020 _b978-9-75403089-1
040 _aTR-IsEVY
_btur
_cTR-IsEVY
082 _a530 KLI/K
100 _aKLINE, RICHARD.
245 0 _aKATLA VE UÇUR.
260 _bTÜBİTAK,
_c2008
300 _a[ ] p.
650 _aFizik.
942 _2ddc
_cBK
999 _c785
_d785